| 000 | 00569nam a2200181 a 4500 | ||
|---|---|---|---|
| 001 | 000027796 | ||
| 005 | 20240409073641.0 | ||
| 008 | 110405s1945 dr ac 000 0 spa d | ||
| 040 |
_aDO-SdBNP _bspa _cBNPHU |
||
| 082 |
_a972.93 _bW582t |
||
| 100 | 1 |
_aWhite, John W. _954874 |
|
| 245 | 1 | 0 |
_aLa tierra amada de Colón / _cJohn W. White. |
| 260 |
_aCiudad Trujillo, República Dominicana : _bMontalvo, _c1945. |
||
| 300 |
_a43 p. : _bil., retrs. ; _c25 cm. |
||
| 651 | 4 |
_aRepública Dominicana _xHistoria _9170 |
|
| 910 | _aValidado. Control de calidad EMS | ||
| 049 | _aBNPD | ||
| 999 |
_c27288 _d27288 |
||